<?xml version="1.0" encoding="UTF-8"?>
<record
    xmlns:xsi="http://www.w3.org/2001/XMLSchema-instance"
    xsi:schemaLocation="http://www.loc.gov/MARC21/slim http://www.loc.gov/standards/marcxml/schema/MARC21slim.xsd"
    xmlns="http://www.loc.gov/MARC21/slim">

  <leader>00581nam a22002057a 4500</leader>
  <controlfield tag="003">OSt</controlfield>
  <controlfield tag="005">20140310182442.0</controlfield>
  <controlfield tag="008">130803t        xxu||||| |||| 00| 0 eng d</controlfield>
  <datafield tag="050" ind1=" " ind2=" ">
    <subfield code="a">RS 14 </subfield>
    <subfield code="b">.L734 2009</subfield>
  </datafield>
  <datafield tag="100" ind1=" " ind2=" ">
    <subfield code="a">Limuaco, Olivia m.</subfield>
    <subfield code="9">9242</subfield>
  </datafield>
  <datafield tag="245" ind1=" " ind2=" ">
    <subfield code="a">Pharmaceurical Jurisprudence and Ethics /</subfield>
    <subfield code="c">Olivia M. Limuaco.</subfield>
  </datafield>
  <datafield tag="260" ind1=" " ind2=" ">
    <subfield code="a">Philippines :</subfield>
    <subfield code="b">Centro Escolar University School Pharmacy,</subfield>
    <subfield code="c">c2009.</subfield>
  </datafield>
  <datafield tag="300" ind1=" " ind2=" ">
    <subfield code="a">655 p. :</subfield>
    <subfield code="b">ill. ;</subfield>
    <subfield code="c">28 cm.</subfield>
  </datafield>
  <datafield tag="942" ind1=" " ind2=" ">
    <subfield code="2">lcc</subfield>
    <subfield code="c">SSLC</subfield>
  </datafield>
  <datafield tag="999" ind1=" " ind2=" ">
    <subfield code="c">13533</subfield>
    <subfield code="d">13533</subfield>
  </datafield>
  <datafield tag="952" ind1=" " ind2=" ">
    <subfield code="0">0</subfield>
    <subfield code="1">0</subfield>
    <subfield code="2">lcc</subfield>
    <subfield code="4">0</subfield>
    <subfield code="a">SSLC</subfield>
    <subfield code="b">SSLC-SC</subfield>
    <subfield code="c">NULL</subfield>
    <subfield code="d">2013-08-03</subfield>
    <subfield code="e">DONATION</subfield>
    <subfield code="l">3</subfield>
    <subfield code="m">33</subfield>
    <subfield code="o">RS 14  .L734 2009</subfield>
    <subfield code="p">SSLC0923</subfield>
    <subfield code="r">2019-01-07 00:00:00</subfield>
    <subfield code="s">2018-10-10</subfield>
    <subfield code="t">1</subfield>
    <subfield code="w">2013-08-03</subfield>
    <subfield code="y">BK</subfield>
  </datafield>
  <datafield tag="952" ind1=" " ind2=" ">
    <subfield code="0">0</subfield>
    <subfield code="1">0</subfield>
    <subfield code="2">lcc</subfield>
    <subfield code="4">0</subfield>
    <subfield code="a">SSLC</subfield>
    <subfield code="b">SSLC</subfield>
    <subfield code="c">SSLC</subfield>
    <subfield code="d">2013-08-03</subfield>
    <subfield code="l">1</subfield>
    <subfield code="m">17</subfield>
    <subfield code="o">RS 14  .L734 2009</subfield>
    <subfield code="p">SSLC0924</subfield>
    <subfield code="r">2018-05-15 00:00:00</subfield>
    <subfield code="s">2016-12-12</subfield>
    <subfield code="t">2</subfield>
    <subfield code="w">2013-08-03</subfield>
    <subfield code="y">BK</subfield>
  </datafield>
  <datafield tag="952" ind1=" " ind2=" ">
    <subfield code="0">0</subfield>
    <subfield code="1">0</subfield>
    <subfield code="2">lcc</subfield>
    <subfield code="4">0</subfield>
    <subfield code="a">SSLC</subfield>
    <subfield code="b">CL</subfield>
    <subfield code="c">SSLC</subfield>
    <subfield code="d">2013-08-03</subfield>
    <subfield code="l">2</subfield>
    <subfield code="m">18</subfield>
    <subfield code="o">RS 14  .L734 2009</subfield>
    <subfield code="p">SSLC0925</subfield>
    <subfield code="r">2018-05-15 00:00:00</subfield>
    <subfield code="s">2017-12-11</subfield>
    <subfield code="t">3</subfield>
    <subfield code="w">2013-08-03</subfield>
    <subfield code="y">BK</subfield>
  </datafield>
  <datafield tag="952" ind1=" " ind2=" ">
    <subfield code="0">0</subfield>
    <subfield code="1">0</subfield>
    <subfield code="2">lcc</subfield>
    <subfield code="4">0</subfield>
    <subfield code="a">SSLC</subfield>
    <subfield code="b">SSLC</subfield>
    <subfield code="c">SSLC</subfield>
    <subfield code="d">2013-08-03</subfield>
    <subfield code="l">1</subfield>
    <subfield code="m">27</subfield>
    <subfield code="o">RS 14  .L734 2009</subfield>
    <subfield code="p">SSLC0926</subfield>
    <subfield code="r">2018-05-15 00:00:00</subfield>
    <subfield code="s">2016-11-30</subfield>
    <subfield code="t">4</subfield>
    <subfield code="w">2013-08-03</subfield>
    <subfield code="y">BK</subfield>
  </datafield>
  <datafield tag="952" ind1=" " ind2=" ">
    <subfield code="0">0</subfield>
    <subfield code="1">0</subfield>
    <subfield code="2">lcc</subfield>
    <subfield code="4">0</subfield>
    <subfield code="a">SSLC</subfield>
    <subfield code="b">SSLC</subfield>
    <subfield code="c">SSLC</subfield>
    <subfield code="d">2013-08-03</subfield>
    <subfield code="l">1</subfield>
    <subfield code="m">13</subfield>
    <subfield code="o">RS 14  .L734 2009</subfield>
    <subfield code="p">SSLC0927</subfield>
    <subfield code="r">2018-05-15 00:00:00</subfield>
    <subfield code="s">2016-12-12</subfield>
    <subfield code="t">5</subfield>
    <subfield code="w">2013-08-03</subfield>
    <subfield code="y">BK</subfield>
  </datafield>
</record>
